[Event "George Trundle Qualifiers 2016"]
[Site "Auckland"]
[Date "2016.07.10"]
[Round "2.1"]
[White "Gong, Daniel Hanwen"]
[Black "Fan, Allen Chi Zhou"]
[Result "1-0"]
[LiveChessVersion "1.4.8"]
[BlackElo "1843"]
[WhiteElo "2042"]

1. e4 {[%clk 1:30:58]} e6 {[%clk 1:30:46]} 2. g3 {[%clk 1:30:54]} c5
{[%clk 1:29:06]} 3. Bg2 {[%clk 1:30:57]} Nc6 {[%clk 1:29:22]} 4. Ne2
{[%clk 1:31:21]} a6 {[%clk 1:24:43]} 5. d4 {[%clk 1:31:15]} cxd4 {[%clk 1:22:10]}
6. Nxd4 {[%clk 1:31:41]} Bc5 {[%clk 1:22:05]} 7. Nb3 {[%clk 1:31:41]} Ba7
{[%clk 1:19:27]} 8. c4 {[%clk 1:30:39]} b5 {[%clk 1:18:51]} 9. Na3
{[%clk 1:25:38]} b4 {[%clk 1:16:46]} 10. Nc2 {[%clk 1:25:31]} a5 {[%clk 1:16:22]}
11. Nbd4 {[%clk 1:24:18]} Nge7 {[%clk 1:15:26]} 12. Nb5 {[%clk 1:23:14]} O-O
{[%clk 1:14:44]} 13. Nxa7 {[%clk 1:22:06]} Nxa7 {[%clk 1:14:00]} 14. b3
{[%clk 1:21:23]} Bb7 {[%clk 1:11:03]} 15. Bb2 {[%clk 1:18:49]} f5
{[%clk 1:07:04]} 16. Qd4 {[%clk 1:17:07]} Rf7 {[%clk 1:07:23]} 17. Rd1
{[%clk 1:16:17]} Nec6 {[%clk 1:05:55]} 18. Qe3 {[%clk 1:16:00]} Qc7
{[%clk 1:03:46]} 19. exf5 {[%clk 1:09:54]} Rxf5 {[%clk 1:02:50]} 20. O-O
{[%clk 1:07:28]} Raf8 {[%clk 0:59:44]} 21. Rd2 {[%clk 0:51:17]} Bc8
{[%clk 0:52:22]} 22. Nd4 {[%clk 0:47:55]} R5f7 {[%clk 0:49:44]} 23. Nb5
{[%clk 0:47:13]} Qb8 {[%clk 0:39:55]} 24. Nd6 {[%clk 0:41:33]} Re7
{[%clk 0:39:19]} 25. Be4 {[%clk 0:39:12]} Ba6 {[%clk 0:29:17]} 26. Qg5
{[%clk 0:34:43]} Qc7 {[%clk 0:23:05]} 27. Qh5 {[%clk 0:34:03]} g6
{[%clk 0:20:28]} 28. Bxg6 {[%clk 0:33:28]} e5 {[%clk 0:20:07]} 29. Nf5
{[%clk 0:26:10]} Rxf5 {[%clk 0:17:26]} 30. Bxf5 {[%clk 0:26:25]} Nc8
{[%clk 0:16:20]} 31. Bxh7+ {[%clk 0:26:18]} Kf8 {[%clk 0:15:05]} 32. Bg6
{[%clk 0:26:20]} Rg7 {[%clk 0:12:54]} 33. Qh8+ {[%clk 0:26:43]} Rg8
{[%clk 0:13:03]} 34. Qf6# {[%clk 0:27:08]} 1-0

[Event "George Trundle Qualifiers 2016"]
[Site "Auckland"]
[Date "2016.07.10"]
[Round "2.2"]
[White "Ang, Alphaeus Wei Ern"]
[Black "Milligan, Helen"]
[Result "1-0"]
[LiveChessVersion "1.4.8"]
[BlackElo "2053"]
[WhiteElo "2087"]

1. d4 {[%clk 1:30:57]} Nf6 {[%clk 1:30:53]} 2. c4 {[%clk 1:31:21]} g6
{[%clk 1:31:17]} 3. Nc3 {[%clk 1:31:45]} Bg7 {[%clk 1:31:41]} 4. e4
{[%clk 1:32:03]} d6 {[%clk 1:32:04]} 5. Be2 {[%clk 1:32:03]} O-O {[%clk 1:31:14]}
6. Be3 {[%clk 1:31:55]} Nbd7 {[%clk 1:29:52]} 7. g4 {[%clk 1:22:27]} e5
{[%clk 1:26:03]} 8. dxe5 {[%clk 1:21:43]} dxe5 {[%clk 1:18:59]} 9. g5
{[%clk 1:22:04]} Ne8 {[%clk 1:19:01]} 10. Bc5 {[%clk 1:20:36]} Nd6
{[%clk 1:12:51]} 11. Bxd6 {[%clk 1:20:52]} cxd6 {[%clk 1:13:16]} 12. Nf3
{[%clk 1:20:34]} Nc5 {[%clk 1:12:57]} 13. Qd2 {[%clk 1:16:13]} f5
{[%clk 1:07:27]} 14. gxf6 {[%clk 1:14:23]} Bxf6 {[%clk 1:05:27]} 15. Rg1
{[%clk 1:08:12]} Ne6 {[%clk 0:56:03]} 16. O-O-O {[%clk 1:00:24]} Nf4
{[%clk 0:47:54]} 17. Nd5 {[%clk 0:55:10]} Nxe2+ {[%clk 0:38:56]} 18. Qxe2
{[%clk 0:55:36]} Qa5 {[%clk 0:38:02]} 19. Kb1 {[%clk 0:55:01]} Bd7
{[%clk 0:35:16]} 20. h4 {[%clk 0:49:27]} Kh8 {[%clk 0:31:54]} 21. Ng5
{[%clk 0:40:48]} Qd8 {[%clk 0:29:34]} 22. Rg2 {[%clk 0:34:16]} Rc8
{[%clk 0:29:21]} 23. Rdg1 {[%clk 0:32:04]} Qe8 {[%clk 0:27:47]} 24. Rh2
{[%clk 0:26:03]} h5 {[%clk 0:24:22]} 25. Rhg2 {[%clk 0:22:31]} b5
{[%clk 0:23:44]} 26. Ne6 {[%clk 0:09:55]} Bxe6 {[%clk 0:20:39]} 27. Rxg6
{[%clk 0:10:17]} Bg4 {[%clk 0:20:20]} 28. R1xg4 {[%clk 0:06:04]} Kh7
{[%clk 0:15:11]} 29. Rxf6 {[%clk 0:00:51]} hxg4 {[%clk 0:14:03]} 30. Qxg4
{[%clk 0:01:15]} Rg8 {[%clk 0:09:02]} 31. Qf5+ {[%clk 0:01:33]} Rg6
{[%clk 0:08:46]} 32. h5 {[%clk 0:01:39]} 1-0

[Event "George Trundle Qualifiers 2016"]
[Site "Auckland"]
[Date "2016.07.10"]
[Round "2.3"]
[White "Nyberg, Michael"]
[Black "Morrell, Gordon"]
[Result "0-1"]
[LiveChessVersion "1.4.8"]
[BlackElo "2077"]
[WhiteElo "1930"]

1. c4 {[%clk 1:30:32]} e5 {[%clk 1:29:52]} 2. Nc3 {[%clk 1:30:10]} Nc6
{[%clk 1:29:19]} 3. a3 {[%clk 1:29:56]} g6 {[%clk 1:25:02]} 4. g3
{[%clk 1:28:06]} Bg7 {[%clk 1:24:00]} 5. Bg2 {[%clk 1:27:53]} d6 {[%clk 1:15:49]}
6. Rb1 {[%clk 1:18:30]} Be6 {[%clk 1:12:26]} 7. d3 {[%clk 1:18:37]} Qd7
{[%clk 1:11:44]} 8. b4 {[%clk 1:18:36]} Nge7 {[%clk 0:58:26]} 9. b5
{[%clk 1:03:58]} Nd8 {[%clk 0:58:45]} 10. a4 {[%clk 1:04:14]} O-O
{[%clk 0:54:03]} 11. h4 {[%clk 0:55:27]} h5 {[%clk 0:46:20]} 12. Nh3
{[%clk 0:52:45]} f6 {[%clk 0:43:25]} 13. Ba3 {[%clk 0:50:24]} Re8
{[%clk 0:40:26]} 14. Ne4 {[%clk 0:42:07]} Nf5 {[%clk 0:31:30]} 15. a5
{[%clk 0:33:47]} Rb8 {[%clk 0:29:42]} 16. Ng1 {[%clk 0:28:16]} Nf7
{[%clk 0:28:03]} 17. e3 {[%clk 0:23:25]} N5h6 {[%clk 0:27:22]} 18. Ne2
{[%clk 0:20:22]} Ng4 {[%clk 0:22:03]} 19. Qc2 {[%clk 0:15:56]} Qd8
{[%clk 0:17:17]} 20. N4c3 {[%clk 0:15:00]} Bd7 {[%clk 0:07:39]} 21. c5
{[%clk 0:12:15]} f5 {[%clk 0:03:56]} 22. cxd6 {[%clk 0:06:24]} cxd6
{[%clk 0:03:56]} 23. b6 {[%clk 0:05:30]} a6 {[%clk 0:02:51]} 24. Nd5
{[%clk 0:05:31]} Bc6 {[%clk 0:03:01]} 25. Nec3 {[%clk 0:05:01]} Rc8
{[%clk 0:03:11]} 26. Qb3 {[%clk 0:04:14]} Rf8 {[%clk 0:01:57]} 27. e4
{[%clk 0:04:01]} f4 28. Bc1 {[%clk 0:02:37]} Nf6 {[%clk 0:00:45]} 29. gxf4
{[%clk 0:02:24]} Bxd5 {[%clk 0:01:08]} 30. Nxd5 {[%clk 0:02:44]} Bh6
{[%clk 0:00:44]} 31. Nc7 {[%clk 0:02:15]} Qe7 {[%clk 0:00:50]} 32. Ne6
{[%clk 0:01:39]} Ng4 {[%clk 0:01:00]} 33. Nxf8 {[%clk 0:01:29]} Kxf8
{[%clk 0:01:26]} 34. Ke2 {[%clk 0:01:21]} exf4 {[%clk 0:01:44]} 35. Ba3
{[%clk 0:01:30]} Nge5 {[%clk 0:01:22]} 36. f3 {[%clk 0:01:36]} Nc6
{[%clk 0:01:45]} 37. Qd5 {[%clk 0:01:33]} Bg7 {[%clk 0:01:43]} 38. Bh3
{[%clk 0:01:41]} Nd4+ {[%clk 0:01:31]} 39. Kf1 {[%clk 0:00:42]} Rc2
{[%clk 0:01:40]} 40. Bg2 {[%clk 0:30:45]} Ne2 {[%clk 0:31:48]} 41. Rh2
{[%clk 0:28:09]} Ng3+ {[%clk 0:28:32]} 42. Kg1 {[%clk 0:16:08]} Bd4+
{[%clk 0:28:19]} 43. Qxd4 {[%clk 0:16:25]} Ne2+ {[%clk 0:28:41]} 44. Kh1
{[%clk 0:16:30]} Nxd4 {[%clk 0:29:00]} 45. Bc1 {[%clk 0:14:25]} Ne2
{[%clk 0:27:40]} 46. Ba3 {[%clk 0:13:20]} Ng3+ {[%clk 0:27:31]} 47. Kg1
{[%clk 0:13:30]} Qe5 {[%clk 0:27:26]} 0-1

[Event "George Trundle Qualifiers 2016"]
[Site "Auckland"]
[Date "2016.07.10"]
[Round "2.4"]
[White "Macdonald, Paul"]
[Black "Duneas, John"]
[Result "0-1"]
[LiveChessVersion "1.4.8"]
[BlackElo "2100"]
[WhiteElo "1989"]

1. d4 {[%clk 1:30:49]} d5 {[%clk 1:30:39]} 2. c4 {[%clk 1:31:14]} c6
{[%clk 1:30:57]} 3. Nf3 {[%clk 1:30:58]} Nf6 {[%clk 1:31:04]} 4. Nc3
{[%clk 1:31:22]} dxc4 {[%clk 1:31:13]} 5. a4 {[%clk 1:29:19]} Bf5
{[%clk 1:29:56]} 6. e3 {[%clk 1:29:06]} e6 {[%clk 1:29:54]} 7. Bxc4
{[%clk 1:29:25]} Bb4 {[%clk 1:30:00]} 8. O-O {[%clk 1:28:18]} Nbd7
{[%clk 1:29:34]} 9. Ne2 {[%clk 1:21:49]} O-O {[%clk 1:19:59]} 10. Ng3
{[%clk 1:21:13]} Bg6 {[%clk 1:20:03]} 11. Nh4 {[%clk 1:17:20]} c5
{[%clk 1:18:24]} 12. Nxg6 {[%clk 1:12:01]} hxg6 {[%clk 1:18:46]} 13. dxc5
{[%clk 1:08:23]} Nxc5 {[%clk 1:18:09]} 14. Qe2 {[%clk 1:08:46]} Qa5
{[%clk 1:15:46]} 15. e4 {[%clk 0:59:27]} a6 {[%clk 0:57:39]} 16. Bf4
{[%clk 0:51:54]} Rfd8 {[%clk 0:52:51]} 17. Bg5 {[%clk 0:32:46]} Rd7
{[%clk 0:39:16]} 18. e5 {[%clk 0:23:50]} Nd5 {[%clk 0:34:02]} 19. Rfd1
{[%clk 0:17:38]} Nb6 {[%clk 0:33:07]} 20. Rxd7 {[%clk 0:17:41]} Ncxd7
{[%clk 0:32:25]} 21. Bf4 {[%clk 0:16:16]} Be7 {[%clk 0:27:45]} 22. Nf1
{[%clk 0:11:40]} Nxc4 {[%clk 0:24:15]} 23. Qxc4 {[%clk 0:12:06]} Nxe5
{[%clk 0:23:37]} 24. Qe4 {[%clk 0:09:01]} Nc6 {[%clk 0:22:53]} 25. Rd1
{[%clk 0:08:19]} Rd8 {[%clk 0:22:21]} 26. Rxd8+ {[%clk 0:08:47]} Qxd8
{[%clk 0:22:32]} 27. g3 {[%clk 0:06:06]} Qd1 {[%clk 0:20:51]} 28. Kg2
{[%clk 0:06:16]} Bf6 {[%clk 0:18:06]} 29. Ne3 {[%clk 0:05:20]} Qb3
{[%clk 0:17:59]} 30. Nc4 {[%clk 0:03:04]} Qxa4 {[%clk 0:16:07]} 31. Qd3
{[%clk 0:03:18]} Qb5 {[%clk 0:15:05]} 32. b3 {[%clk 0:02:58]} Nd4
{[%clk 0:14:12]} 33. b4 {[%clk 0:00:33]} g5 {[%clk 0:11:31]} 34. Bd2
{[%clk 0:00:33]} Qd5+ {[%clk 0:11:53]} 35. f3 {[%clk 0:00:42]} g4
{[%clk 0:09:53]} 36. Nb6 {[%clk 0:00:41]} Qxf3+ {[%clk 0:09:30]} 37. Qxf3
{[%clk 0:01:03]} Nxf3 {[%clk 0:09:21]} 38. Be3 {[%clk 0:01:07]} Be7
{[%clk 0:08:42]} 39. Bc5 {[%clk 0:01:05]} Bxc5 {[%clk 0:08:20]} 40. bxc5
{[%clk 0:31:34]} Kf8 {[%clk 0:36:53]} 41. Nc8 {[%clk 0:29:04]} Ne1+
{[%clk 0:36:32]} 42. Kf2 {[%clk 0:28:14]} Nd3+ {[%clk 0:36:54]} 43. Ke3
{[%clk 0:28:41]} Nxc5 {[%clk 0:37:03]} 44. Kf4 {[%clk 0:28:53]} a5
{[%clk 0:36:37]} 0-1

[Event "George Trundle Qualifiers 2016"]
[Site "Auckland"]
[Date "2016.07.10"]
[Round "2.5"]
[White "Gibbons, Robert E"]
[Black "Bennett, Hilton P"]
[Result "1/2-1/2"]
[LiveChessVersion "1.4.8"]
[BlackElo "1977"]
[WhiteElo "2008"]

1. c4 {[%clk 1:30:31]} d6 {[%clk 1:30:26]} 2. Nc3 {[%clk 1:30:30]} e5
{[%clk 1:30:22]} 3. Nf3 {[%clk 1:28:41]} Nf6 {[%clk 1:29:50]} 4. d3
{[%clk 1:27:13]} Be7 {[%clk 1:19:01]} 5. e3 {[%clk 1:20:04]} O-O {[%clk 1:11:39]}
6. Be2 {[%clk 1:19:50]} Nc6 {[%clk 1:11:09]} 7. O-O {[%clk 1:20:01]} h6
{[%clk 1:11:20]} 8. d4 {[%clk 1:12:46]} exd4 {[%clk 1:07:54]} 9. Nxd4
{[%clk 1:08:31]} Nxd4 {[%clk 1:05:23]} 10. exd4 {[%clk 1:09:00]} Bf5
{[%clk 1:05:04]} 11. Bd3 {[%clk 1:04:55]} Bxd3 {[%clk 1:04:41]} 12. Qxd3
{[%clk 1:05:22]} Qd7 {[%clk 1:04:43]} 13. d5 {[%clk 1:03:52]} Rfe8
{[%clk 1:03:56]} 14. Re1 {[%clk 1:02:57]} Bf8 {[%clk 1:02:21]} 15. Bf4
{[%clk 1:02:14]} a6 {[%clk 1:01:52]} 16. h3 {[%clk 1:00:36]} Rxe1+
{[%clk 0:59:01]} 17. Rxe1 {[%clk 1:01:03]} Re8 {[%clk 0:58:56]} 18. Kf1
{[%clk 0:57:39]} Rxe1+ {[%clk 0:58:20]} 19. Kxe1 {[%clk 0:58:06]} Qe7+
{[%clk 0:58:33]} 20. Qe3 {[%clk 0:58:11]} Qxe3+ {[%clk 0:58:40]} 21. Bxe3
{[%clk 0:58:19]} g6 {[%clk 0:58:45]} 22. Bd4 {[%clk 0:56:04]} Bg7
{[%clk 0:58:55]} 23. Ke2 {[%clk 0:55:13]} Nd7 {[%clk 0:59:16]} 24. Bxg7
{[%clk 0:55:08]} Kxg7 {[%clk 0:59:44]} 25. Kd3 1/2-1/2